[Event "FIDE WCC Rapid Open 2019"]
[Site "Moscow"]
[Date "2019.12.27"]
[Round "6.98"]
[White "Usov, Aleksandr E."]
[Black "Tissir, Mohamed"]
[Result "0-1"]
[WhiteElo "1981"]
[BlackElo "2356"]
[Annotator "NA"]
[PlyCount "110"]
[EventDate "2019.12.26"]
[EventType "swiss"]
[EventCountry "RUS"]
[Tiebreak "Cut2 Buchholz+Sum of Buchholz"]
[SourceTitle "playchess.com"]
[Source "ChessBase"]
[SourceQuality "1"]

1. e4 c5 2. Nf3 d6 3. Bb5+ Nd7 4. O-O Ngf6 5. Re1 a6 6. Bf1 e6 7. d4 cxd4 8.
Nxd4 Be7 9. c4 O-O 10. Nc3 Qc7 11. Be3 b6 12. f3 Bb7 13. Rc1 Rac8 14. b3 Rfe8
15. Qd2 Qb8 16. Red1 Bd8 17. Qf2 Bc7 18. g3 Qa8 19. Rc2 h6 20. Rcd2 Ne5 21. Nc2
d5 22. cxd5 exd5 23. exd5 Bd6 24. Bd4 Nxd5 25. Ne4 Bf8 26. Bg2 f5 27. f4 Nf7
28. Bh3 fxe4 29. Bxc8 Qxc8 30. Ne3 Nb4 31. Qe2 Nd3 32. Rc2 Qe6 33. Qg4 Qxg4 34.
Nxg4 Bc5 35. Bxc5 bxc5 36. Ne3 Nd6 37. Rdd2 Nb5 38. Rd1 Nd4 39. Rcd2 Nf3+ 40.
Kg2 Nxd2 41. Rxd2 Rd8 42. Kf1 a5 43. Kg1 Rd4 44. Nf5 Rd7 45. Ne3 Ba6 46. Ng4 a4
47. h4 axb3 48. axb3 Rb7 49. Ra2 Rb6 50. Ne3 Bb7 51. Ra3 Nc1 52. Ra1 Ne2+ 53.
Kf2 Nd4 54. Rc1 Rxb3 55. Rxc5 Rb2+ 0-1

[Event "FIDE WCC Rapid Open 2019"]
[Site "Moscow"]
[Date "2019.12.27"]
[Round "7.15"]
[White "Amin, Bassem"]
[Black "Karjakin, Sergey"]
[Result "1/2-1/2"]
[WhiteElo "2610"]
[BlackElo "2749"]
[Annotator "TA"]
[PlyCount "37"]
[EventDate "2019.12.26"]
[EventType "swiss"]
[EventCountry "RUS"]
[Tiebreak "Cut2 Buchholz+Sum of Buchholz"]
[SourceTitle "playchess.com"]
[Source "ChessBase"]
[SourceQuality "1"]

1. e4 e5 2. Nf3 Nc6 3. Bb5 Nf6 4. O-O Nxe4 5. Re1 Nd6 6. Nxe5 Be7 7. Bf1 Nxe5
8. Rxe5 O-O 9. d4 Bf6 10. Re1 Re8 11. c3 Rxe1 12. Qxe1 Ne8 13. Bf4 d5 14. Bd3
g6 15. Nd2 Ng7 16. Qe2 c6 17. Re1 Bf5 18. Nf3 Bxd3 19. Qxd3 1/2-1/2

[Event "FIDE WCC Rapid Open 2019"]
[Site "Moscow"]
[Date "2019.12.27"]
[Round "7.28"]
[White "Tari, Aryan"]
[Black "Jakovenko, Dmitry"]
[Result "1/2-1/2"]
[WhiteElo "2562"]
[BlackElo "2748"]
[Annotator "RC"]
[PlyCount "76"]
[EventDate "2019.12.26"]
[EventType "swiss"]
[EventCountry "RUS"]
[Tiebreak "Cut2 Buchholz+Sum of Buchholz"]
[SourceTitle "playchess.com"]
[Source "ChessBase"]
[SourceQuality "1"]

1. e4 c5 2. Nf3 d6 3. Bb5+ Nd7 4. O-O Ngf6 5. Re1 a6 6. Bd3 g6 7. c3 Bg7 8. Bc2
b5 9. d4 cxd4 10. cxd4 Bb7 11. Nc3 O-O 12. a3 Rc8 13. h3 Nb6 14. Bd3 Nfd7 15.
Bg5 h6 16. Bh4 Nc4 17. Qe2 Nf6 18. Bxf6 Bxf6 19. a4 Qb6 20. axb5 axb5 21. Rac1
Bg7 22. Nxb5 Na5 23. Rc3 Nc6 24. Rec1 Nxd4 25. Nbxd4 Bxd4 26. Rxc8 Rxc8 27.
Rxc8+ Bxc8 28. Nxd4 Qxd4 29. Qc2 Be6 30. h4 Kg7 31. Qc3 Qxc3 32. bxc3 g5 33. g3
g4 34. Kf1 Kf6 35. Ke2 Ke5 36. Ke3 f6 37. Be2 Bd7 38. Bd1 Bc8 1/2-1/2

[Event "FIDE WCC Rapid Open 2019"]
[Site "Moscow"]
[Date "2019.12.27"]
[Round "7.56"]
[White "Kovalev, Vladislav"]
[Black "Yanchenko, Roman"]
[Result "1-0"]
[WhiteElo "2597"]
[BlackElo "2447"]
[Annotator "ChessBase"]
[PlyCount "115"]
[EventDate "2019.12.26"]
[EventType "swiss"]
[EventCountry "RUS"]
[Tiebreak "Cut2 Buchholz+Sum of Buchholz"]
[SourceTitle "playchess.com"]
[Source "ChessBase"]
[SourceQuality "1"]

1. e4 e6 2. d4 d5 3. Nd2 c5 4. Ngf3 Nc6 5. exd5 exd5 6. Bb5 c4 7. O-O Bd6 8. b3
cxb3 9. axb3 Nge7 10. Ba3 Bxa3 11. Rxa3 O-O 12. Re1 a6 13. Bf1 Qd6 14. Ra1 Bf5
15. c3 Rae8 16. b4 Na7 17. Nb3 Nec6 18. Nc5 Bc8 19. Qa4 Qc7 20. Re3 Rxe3 21.
fxe3 Bg4 22. Re1 Nc8 23. Qb3 N8e7 24. e4 Bxf3 25. gxf3 dxe4 26. fxe4 a5 27.
bxa5 Nxa5 28. Qb5 Ng6 29. e5 Nh4 30. Re3 b6 31. Qd7 Qd8 32. Qxd8 Rxd8 33. Na4
Rb8 34. Bb5 Nf5 35. Rf3 g6 36. Kf2 Nb3 37. Rf4 Kg7 38. Ke2 Rd8 39. Bd3 b5 40.
Nb6 b4 41. Bxf5 bxc3 42. d5 gxf5 43. Kd3 Rb8 44. Rb4 Nc5+ 45. Kc2 Ne4 46. d6
Nc5 47. Rb1 f6 48. exf6+ Kf7 49. d7 Rd8 50. Rb5 Ne6 51. Kxc3 Kxf6 52. Kc4 f4
53. Rb1 Ke5 54. Rd1 f3 55. Re1+ Kd6 56. Kd3 Kc6 57. Rxe6+ Kc7 58. Re8 1-0

[Event "FIDE WCC Rapid Open 2019"]
[Site "Moscow"]
[Date "2019.12.27"]
[Round "7.86"]
[White "Atabayev, Maksat"]
[Black "Yagupov, Igor"]
[Result "1-0"]
[WhiteElo "2527"]
[BlackElo "2382"]
[Annotator "ChessBase"]
[PlyCount "79"]
[EventDate "2019.12.26"]
[EventType "swiss"]
[EventCountry "RUS"]
[Tiebreak "Cut2 Buchholz+Sum of Buchholz"]
[SourceTitle "playchess.com"]
[Source "ChessBase"]
[SourceQuality "1"]

1. e4 c5 2. Nc3 Nc6 3. f4 e6 4. Nf3 d5 5. Bb5 Nge7 6. O-O d4 7. Ne2 a6 8. Bxc6+
Nxc6 9. d3 Be7 10. Bd2 O-O 11. Ng3 f5 12. Qe2 Bd7 13. Rae1 Qb6 14. b3 Rae8 15.
Nh5 Bd6 16. Qf2 g6 17. Nf6+ Rxf6 18. e5 Rff8 19. exd6 Nd8 20. b4 cxb4 21. Qxd4
Qxd4+ 22. Nxd4 a5 23. Nb3 b6 24. Be3 a4 25. Nd2 b5 26. Bc5 Nc6 27. Nf3 Rc8 28.
Rf2 h6 29. Rb1 Rf7 30. Bxb4 g5 31. fxg5 hxg5 32. Nxg5 Rg7 33. h4 Nxb4 34. Rxb4
Rc5 35. c4 e5 36. cxb5 Bxb5 37. Rxf5 Rg6 38. d4 Rc1+ 39. Kh2 Bd7 40. Rb8+ 1-0

[Event "FIDE WCC Rapid Open 2019"]
[Site "Moscow"]
[Date "2019.12.27"]
[Round "7.96"]
[White "Batchuluun, Tsegmed"]
[Black "Krsnik Cohar, Ivan Vihor"]
[Result "1-0"]
[WhiteElo "2448"]
[BlackElo "2334"]
[Annotator "NA"]
[PlyCount "85"]
[EventDate "2019.12.26"]
[EventType "swiss"]
[EventCountry "RUS"]
[Tiebreak "Cut2 Buchholz+Sum of Buchholz"]
[SourceTitle "playchess.com"]
[Source "ChessBase"]
[SourceQuality "1"]

1. d4 d5 2. c4 Bf5 3. cxd5 Bxb1 4. Qa4+ c6 5. dxc6 Nxc6 6. Rxb1 e5 7. Bd2 exd4
8. Nf3 Nge7 9. g3 g6 10. Bg2 Bg7 11. O-O O-O 12. Rfd1 Re8 13. Bc3 Nf5 14. e3
Qb6 15. Nxd4 Ncxd4 16. exd4 Re7 17. Qb4 Qc7 18. Rbc1 Rae8 19. d5 Bxc3 20. bxc3
Nd6 21. c4 b6 22. c5 bxc5 23. Rxc5 Re1+ 24. Rxe1 Rxe1+ 25. Qxe1 Qxc5 26. h4 Kf8
27. Qe5 h5 28. Bf3 Nc4 29. Qh8+ Ke7 30. Qc3 Qc8 31. Be2 Nd6 32. Qe3+ Kf8 33.
Qxa7 Qc2 34. Bf3 Nc4 35. a4 Nd2 36. Bg2 Nc4 37. a5 Qc1+ 38. Kh2 Qc3 39. Qc5+
Kg7 40. a6 Qd3 41. a7 Ne5 42. a8=Q Ng4+ 43. Kg1 1-0

[Event "FIDE WCC Rapid Open 2019"]
[Site "Moscow"]
[Date "2019.12.27"]
[Round "8.2"]
[White "Mamedyarov, Shakhriyar"]
[Black "Wang, Hao"]
[Result "1/2-1/2"]
[WhiteElo "2752"]
[BlackElo "2748"]
[Annotator "TA"]
[PlyCount "55"]
[EventDate "2019.12.26"]
[EventType "swiss"]
[EventCountry "RUS"]
[Tiebreak "Cut2 Buchholz+Sum of Buchholz"]
[SourceTitle "playchess.com"]
[Source "ChessBase"]
[SourceQuality "1"]

1. d4 Nf6 2. c4 e6 3. Nc3 d5 4. Nf3 c5 5. cxd5 Nxd5 6. e4 Nxc3 7. bxc3 cxd4 8.
cxd4 Bb4+ 9. Bd2 Bxd2+ 10. Qxd2 O-O 11. Bc4 Nd7 12. O-O b6 13. Rad1 Bb7 14.
Rfe1 Rc8 15. Bb3 h6 16. h3 Qc7 17. d5 e5 18. Nh4 Kh7 19. Nf5 Qc3 20. Qe2 g6 21.
Nd6 Rb8 22. Qb5 Qc7 23. Nxf7 Nc5 24. d6 Qd7 25. Qxd7 Nxd7 26. f4 Nc5 27. d7
Nxb3 28. d8=Q 1/2-1/2

[Event "FIDE WCC Rapid Open 2019"]
[Site "Moscow"]
[Date "2019.12.27"]
[Round "8.9"]
[White "Smirin, Ilia"]
[Black "Le, Quang Liem"]
[Result "0-1"]
[WhiteElo "2584"]
[BlackElo "2740"]
[Annotator "ChessBase"]
[PlyCount "112"]
[EventDate "2019.12.26"]
[EventType "swiss"]
[EventCountry "RUS"]
[Tiebreak "Cut2 Buchholz+Sum of Buchholz"]
[SourceTitle "playchess.com"]
[Source "ChessBase"]
[SourceQuality "1"]

1. e4 c6 2. d4 d5 3. exd5 cxd5 4. Nf3 Nc6 5. Bb5 e6 6. O-O Bd6 7. c3 Nge7 8.
Re1 O-O 9. Nbd2 a6 10. Bd3 f6 11. c4 Bc7 12. a3 dxc4 13. Nxc4 b5 14. Ne3 Bb6
15. Nc2 Ra7 16. a4 b4 17. Bc4 Nd5 18. Ne3 Rc7 19. Ba2 Nce7 20. Bd2 a5 21. Rc1
Bd7 22. Bb3 Rxc1 23. Bxc1 Qc7 24. Nxd5 Nxd5 25. Qd3 Rc8 26. Bd2 Qc6 27. h3 Be8
28. Qe2 Bf7 29. Rc1 Qa8 30. Re1 Qa7 31. Qd3 Rd8 32. Qe2 Bxd4 33. Nxd4 Qxd4 34.
Bc1 Qb6 35. Rd1 h6 36. Qe4 Rc8 37. Qg4 h5 38. Qe4 Qc6 39. Bd2 Nb6 40. Qxc6 Rxc6
41. Be3 Nd5 42. Bxd5 exd5 43. Rc1 Rc4 44. f3 Be8 45. b3 Rxc1+ 46. Bxc1 d4 47.
Bf4 d3 48. Kf2 Bxa4 49. Bc7 Bxb3 50. Ke3 a4 51. Bd6 a3 52. Bxb4 a2 53. Bc3 Bc4
54. h4 Kf7 55. g4 g5 56. hxg5 h4 0-1

[Event "FIDE WCC Rapid Open 2019"]
[Site "Moscow"]
[Date "2019.12.27"]
[Round "8.30"]
[White "Jakovenko, Dmitry"]
[Black "Postny, Evgeny"]
[Result "1/2-1/2"]
[WhiteElo "2748"]
[BlackElo "2598"]
[Annotator "ChessBase"]
[PlyCount "75"]
[EventDate "2019.12.26"]
[EventType "swiss"]
[EventCountry "RUS"]
[Tiebreak "Cut2 Buchholz+Sum of Buchholz"]
[SourceTitle "playchess.com"]
[Source "ChessBase"]
[SourceQuality "1"]

1. e4 e5 2. Nf3 Nc6 3. Bb5 a6 4. Ba4 Nf6 5. O-O Be7 6. Re1 b5 7. Bb3 d6 8. c3
O-O 9. h3 Nb8 10. d4 Nbd7 11. Nbd2 Bb7 12. Bc2 c5 13. d5 c4 14. Nf1 Qc7 15. Ng3
g6 16. Be3 Rfb8 17. Nd2 Bf8 18. Qe2 Nc5 19. b4 cxb3 20. axb3 a5 21. Rec1 b4 22.
cxb4 axb4 23. Rxa8 Rxa8 24. Bd3 Nfd7 25. Bb5 Qa5 26. Ngf1 Ba6 27. Bxa6 Qxa6 28.
Qxa6 Rxa6 29. Rc4 Nd3 30. Rc8 Kg7 31. Nc4 Ra1 32. Rd8 Nf6 33. Ncd2 Nh5 34. g3
f5 35. exf5 gxf5 36. Bh6+ Kxh6 37. Rxf8 Kg6 38. Rd8 1/2-1/2

[Event "FIDE WCC Rapid Open 2019"]
[Site "Moscow"]
[Date "2019.12.27"]
[Round "8.32"]
[White "Matlakov, Maxim"]
[Black "Pashikian, Arman"]
[Result "1/2-1/2"]
[WhiteElo "2726"]
[BlackElo "2593"]
[Annotator "ChessBase"]
[PlyCount "75"]
[EventDate "2019.12.26"]
[EventType "swiss"]
[EventCountry "RUS"]
[Tiebreak "Cut2 Buchholz+Sum of Buchholz"]
[SourceTitle "playchess.com"]
[Source "ChessBase"]
[SourceQuality "1"]

1. c4 e5 2. Nc3 Nf6 3. Nf3 Nc6 4. d3 d5 5. cxd5 Nxd5 6. e4 Nxc3 7. bxc3 Bc5 8.
Be2 O-O 9. O-O Bg4 10. h3 Bh5 11. Rb1 Bb6 12. g4 Bg6 13. Kg2 Qd7 14. Nh4 Nd8
15. f4 exf4 16. Bxf4 Ne6 17. Bg3 Rad8 18. Qc2 Qc6 19. Qc1 Nc5 20. Nxg6 hxg6 21.
Rf3 f5 22. exf5 gxf5 23. d4 fxg4 24. hxg4 Ne4 25. Be5 Qe6 26. Qe3 Rxf3 27. Bxf3
Qxa2+ 28. Qe2 Qxe2+ 29. Bxe2 Nxc3 30. Bc4+ Nd5 31. g5 c6 32. g6 Re8 33. Kf3 Re6
34. Bd3 Ne7 35. Bc4 Nd5 36. Bd3 Ne7 37. Bc4 Nd5 38. Ke4 1/2-1/2

[Event "FIDE WCC Rapid Open 2019"]
[Site "Moscow"]
[Date "2019.12.27"]
[Round "8.64"]
[White "Huzman, Alexander"]
[Black "Alonso Rosell, Alvar"]
[Result "1/2-1/2"]
[WhiteElo "2484"]
[BlackElo "2628"]
[Annotator "ChessBase"]
[PlyCount "98"]
[EventDate "2019.12.26"]
[EventType "swiss"]
[EventCountry "RUS"]
[Tiebreak "Cut2 Buchholz+Sum of Buchholz"]
[SourceTitle "playchess.com"]
[Source "ChessBase"]
[SourceQuality "1"]

1. Nf3 c5 2. c4 Nc6 3. Nc3 g6 4. e3 Nf6 5. d4 cxd4 6. exd4 d5 7. cxd5 Nxd5 8.
Qb3 Nxc3 9. Bc4 e6 10. bxc3 Bd7 11. Qb1 Bg7 12. O-O Na5 13. Be2 O-O 14. Ba3 Re8
15. Ne5 Rc8 16. Rd1 a6 17. Bf3 Ba4 18. Rc1 Bxe5 19. dxe5 Nc4 20. Bd6 b5 21. Bd1
Nxd6 22. exd6 Qxd6 23. Bxa4 bxa4 24. Qb4 Qc6 25. Rab1 Red8 26. h4 Rd5 27. Qf4
Rf5 28. Qd4 Rc5 29. Rb4 e5 30. Qe3 a5 31. Re4 Qb5 32. h5 Rxc3 33. Rxc3 Qb1+ 34.
Qe1 Qxe1+ 35. Rxe1 Rxc3 36. Rxe5 Rc1+ 37. Kh2 Rc2 38. Kg3 Rxa2 39. h6 Kf8 40.
Rxa5 Ke7 41. Ra6 Ra1 42. f3 a3 43. Kg4 a2 44. Ra7+ Ke6 45. Ra6+ Ke5 46. Ra5+
Ke6 47. Ra6+ Ke5 48. Ra5+ Kf6 49. Ra6+ Ke5 1/2-1/2

[Event "FIDE WCC Rapid Open 2019"]
[Site "Moscow"]
[Date "2019.12.27"]
[Round "8.65"]
[White "Hansen, Eric"]
[Black "Can, Emre"]
[Result "0-1"]
[WhiteElo "2604"]
[BlackElo "2516"]
[Annotator "ChessBase"]
[PlyCount "206"]
[EventDate "2019.12.26"]
[EventType "swiss"]
[EventCountry "RUS"]
[Tiebreak "Cut2 Buchholz+Sum of Buchholz"]
[SourceTitle "playchess.com"]
[Source "ChessBase"]
[SourceQuality "1"]

1. e4 d6 2. d4 Nf6 3. Nc3 e5 4. Nf3 Nbd7 5. Bc4 Be7 6. a4 O-O 7. O-O c6 8. Re1
a5 9. h3 Nb6 10. Bb3 exd4 11. Qxd4 Nfd7 12. Bf4 Nc5 13. Qe3 Be6 14. Nd4 Bxb3
15. cxb3 Re8 16. Rad1 Bf8 17. Nf5 d5 18. Qg3 Qf6 19. Nh6+ Kh8 20. Ng4 Qg6 21.
Bc7 Nbd7 22. exd5 Nxb3 23. Rxe8 Rxe8 24. Qf3 h5 25. Ne3 Ndc5 26. Nc4 Kg8 27.
Ne5 Qf6 28. Qxh5 g6 29. Ng4 Qe7 30. Qe5 Bg7 31. Qg3 Nd4 32. d6 Qd7 33. Qf4 f5
34. Nh6+ Kf8 35. Qh4 Ne4 36. Nxe4 Rxe4 37. Qg5 Qe8 38. Bd8 Re1+ 39. Rxe1 Qxe1+
40. Kh2 Be5+ 41. f4 Nf3+ 42. gxf3 Qf2+ 43. Qg2 Bxf4+ 44. Kh1 Qe1+ 45. Qg1 Qxg1+
46. Kxg1 Bxd6 47. Nxf5 gxf5 48. Bxa5 Kf7 49. Kf2 Kg6 50. Ke3 Bc5+ 51. Kd3 Kg5
52. Bd8+ Kf4 53. Ke2 Ke5 54. h4 Bf8 55. Kd3 Kf4 56. Ke2 Ke5 57. h5 Bh6 58. Ba5
Kf6 59. Bd8+ Ke5 60. b3 Kf4 61. Be7 Kg3 62. Bf6 Kg2 63. b4 Kg3 64. a5 f4 65.
Be7 Kg2 66. Bc5 Kg3 67. Bf2+ Kg2 68. Be1 Bf8 69. Bf2 Bh6 70. Bd4 Kg3 71. Bf2+
Kg2 72. Be1 Bf8 73. Bh4 Bh6 74. Be7 Kg3 75. Bd8 Kg2 76. Bb6 Kg3 77. Bf2+ Kg2
78. Be1 Bf8 79. Bh4 Bh6 80. Be7 Kg3 81. Bd6 Kg2 82. Be7 Kg3 83. Bf6 Kg2 84. Bd8
Kg3 85. Bc7 Kg2 86. Bd6 Kg3 87. Kd3 Kxf3 88. Kc4 Kg4 89. b5 cxb5+ 90. Kxb5 f3
91. Bc5 Kxh5 92. Kb6 Bd2 93. Kxb7 Bxa5 94. Kc6 Kg4 95. Kd5 Kg3 96. Ke4 Be1 97.
Kd3 Kg2 98. Ke4 Bf2 99. Bb4 Bg3 100. Bc5 Bf2 101. Bb4 Bb6 102. Be1 Bc7 103. Bh4
Bg3 0-1

[Event "FIDE WCC Rapid Open 2019"]
[Site "Moscow"]
[Date "2019.12.27"]
[Round "8.75"]
[White "Atabayev, Saparmyrat"]
[Black "Atabayev, Maksat"]
[Result "1-0"]
[WhiteElo "2258"]
[BlackElo "2527"]
[Annotator "ChessBase"]
[PlyCount "71"]
[EventDate "2019.12.26"]
[EventType "swiss"]
[EventCountry "RUS"]
[Tiebreak "Cut2 Buchholz+Sum of Buchholz"]
[SourceTitle "playchess.com"]
[Source "ChessBase"]
[SourceQuality "1"]

1. d4 Nf6 2. c4 g6 3. Nc3 Bg7 4. e4 O-O 5. Nf3 d6 6. Be2 Bg4 7. O-O Bxf3 8.
Bxf3 e5 9. dxe5 dxe5 10. Qxd8 Rxd8 11. Bg5 Nbd7 12. Rfd1 c6 13. b4 Nf8 14. Be3
Rxd1+ 15. Rxd1 Ne6 16. Na4 Bf8 17. c5 Bg7 18. Kf1 h5 19. h3 Kf8 20. Be2 Nxe4
21. Rd7 Rb8 22. Bc4 Nf6 23. Rd6 Nc7 24. Nc3 Nce8 25. Rd1 Ke7 26. Bg5 Kf8 27. a4
Rc8 28. f3 Rc7 29. Rd8 a6 30. Ke2 Nh7 31. Be3 Nhf6 32. b5 axb5 33. axb5 Ke7 34.
Rb8 Nd7 35. Ra8 cxb5 36. Nd5+ 1-0

[Event "FIDE WCC Rapid Open 2019"]
[Site "Moscow"]
[Date "2019.12.27"]
[Round "8.86"]
[White "Christiansen, Johan-Sebastian"]
[Black "Makoveev, Ilya"]
[Result "1-0"]
[WhiteElo "2492"]
[BlackElo "2340"]
[Annotator "ChessBase"]
[PlyCount "110"]
[EventDate "2019.12.26"]
[EventType "swiss"]
[EventCountry "RUS"]
[Tiebreak "Cut2 Buchholz+Sum of Buchholz"]
[SourceTitle "playchess.com"]
[Source "ChessBase"]
[SourceQuality "1"]

1. c4 Nf6 2. g3 e5 3. Bg2 d5 4. cxd5 Nxd5 5. Nc3 Nb6 6. e3 Nc6 7. Nge2 Be7 8.
O-O O-O 9. f4 Bf5 10. fxe5 Bd3 11. e6 f5 12. Rf2 Ne5 13. Nf4 c6 14. b3 g5 15.
Nxd3 Nxd3 16. Rf1 Qd6 17. Qe2 Rad8 18. Nd5 Nxd5 19. Qxd3 Qxe6 20. Qc4 b5 21.
Qe2 Bf6 22. Rb1 Kg7 23. Ba3 Rf7 24. Qf3 Be5 25. Bc5 g4 26. Qe2 h5 27. e4 fxe4
28. Rxf7+ Qxf7 29. Qxe4 Re8 30. Rf1 Qg6 31. Bf8+ Rxf8 32. Qxg6+ Kxg6 33. Rxf8
Nb4 34. a3 Kg7 35. Rc8 Nc2 36. Rxc6 Nxa3 37. Be4 a5 38. Ra6 a4 39. bxa4 b4 40.
Ra7+ Kf6 41. Rb7 Bd6 42. Bd3 Ke5 43. a5 Kd4 44. Rd7 Kxd3 45. Rxd6+ Kc4 46. a6
b3 47. a7 b2 48. a8=Q b1=Q+ 49. Kg2 Nb5 50. Qd5+ Kb4 51. Rb6 Ka5 52. Rxb5+ Qxb5
53. Qxb5+ Kxb5 54. Kf2 Kc4 55. Ke3 Kd5 1-0

[Event "FIDE WCC Rapid Open 2019"]
[Site "Moscow"]
[Date "2019.12.27"]
[Round "9.15"]
[White "Salem, A.R. Saleh"]
[Black "Predke, Alexandr"]
[Result "1/2-1/2"]
[WhiteElo "2717"]
[BlackElo "2637"]
[Annotator "ChessBase"]
[PlyCount "288"]
[EventDate "2019.12.26"]
[EventType "swiss"]
[EventCountry "RUS"]
[Tiebreak "Cut2 Buchholz+Sum of Buchholz"]
[SourceTitle "playchess.com"]
[Source "ChessBase"]
[SourceQuality "1"]

1. d4 Nf6 2. c4 e6 3. Nc3 Bb4 4. e3 O-O 5. Bd3 d5 6. cxd5 exd5 7. Nge2 Re8 8.
Bd2 a5 9. O-O Na6 10. Rc1 Bf8 11. a3 c6 12. f3 c5 13. Kh1 h5 14. Bb1 b6 15. Nf4
Nc7 16. Na4 Na6 17. Nc3 Nc7 18. dxc5 bxc5 19. e4 Bb7 20. exd5 Ncxd5 21. Ncxd5
Nxd5 22. Qc2 g6 23. Nxg6 fxg6 24. Qxg6+ Bg7 25. Qh7+ Kf8 26. Bh6 Qf6 27. Bg6
Re6 28. Rfe1 Qxg6 29. Qxg7+ Qxg7 30. Rxe6 Kf7 31. Bxg7 Kxe6 32. Rxc5 a4 33. h4
Rg8 34. Bh6 Kd6 35. Rc2 Ba6 36. Kh2 Rb8 37. Rd2 Rb3 38. Bg7 Bd3 39. Bc3 Nxc3
40. Rxd3+ Nd5 41. Rd4 Rxb2 42. Rxa4 Ne3 43. Ra6+ Ke5 44. Ra5+ Kf4 45. Ra4+ Kf5
46. Ra5+ Kg6 47. Rg5+ Kh6 48. Kh3 Ra2 49. g4 Nf1 50. gxh5 Rxa3 51. Kg2 Ne3+ 52.
Kf2 Nc2 53. Rd5 Nb4 54. Rb5 Nd3+ 55. Kg3 Ne1 56. Rf5 Ra2 57. Re5 Rg2+ 58. Kh3
Rg1 59. Re3 Kxh5 60. Kh2 Rf1 61. Kg3 Nc2 62. Re5+ Kg6 63. Re4 Rd1 64. Rg4+ Kh5
65. Rg5+ Kh6 66. Re5 Nd4 67. Re4 Nf5+ 68. Kg4 Ng7 69. Kg3 Rd2 70. Ra4 Nh5+ 71.
Kh3 Nf6 72. Kg3 Kg6 73. Ra6 Rd5 74. Ra4 Kf5 75. Kf2 Rb5 76. Ra2 Rb4 77. Ra5+
Kf4 78. Ra2 Nd7 79. Re2 Nc5 80. Kg2 Rb8 81. Rc2 Rg8+ 82. Kf2 Nd3+ 83. Ke2 Ne5
84. Kf2 Rg3 85. Rc8 Rxf3+ 86. Ke2 Rh3 87. Kd2 Ke4 88. Re8 Rxh4 89. Kc3 Rh7 90.
Kd2 Rc7 91. Re6 Rc8 92. Re7 Kd4 93. Rh7 Nf3+ 94. Ke2 Ke4 95. Re7+ Ne5 96. Kd2
Rd8+ 97. Kc3 Rd3+ 98. Kc2 Rh3 99. Re8 Kd4 100. Rd8+ Ke3 101. Re8 Ke4 102. Kd2
Rh7 103. Kc3 Rc7+ 104. Kd2 Rc6 105. Re7 Kd4 106. Re8 Rd6 107. Ke2 Rh6 108. Rd8+
Ke4 109. Kd2 Rc6 110. Re8 Rc7 111. Re6 Rc8 112. Re7 Kd4 113. Rh7 Nc4+ 114. Ke2
Re8+ 115. Kf2 Ne5 116. Ke2 Nc4+ 117. Kf2 Ne5 118. Ke2 Nd3+ 119. Kd2 Nc5 120.
Rh4+ Ne4+ 121. Ke2 Rf8 122. Rh3 Rf2+ 123. Ke1 Rg2 124. Ra3 Nc3 125. Kf1 Rc2
126. Ra8 Ke3 127. Rf8 Ne4 128. Kg1 Ng5 129. Re8+ Kf3 130. Rf8+ Ke3 131. Re8+
Ne4 132. Rf8 Rc6 133. Kg2 Rg6+ 134. Kh3 Nf6 135. Ra8 Kf4 136. Ra4+ Ne4 137. Kh2
Rc6 138. Kg2 Rc2+ 139. Kh3 Rb2 140. Rc4 Rb3+ 141. Kg2 Rg3+ 142. Kh2 Re3 143.
Ra4 Kg4 144. Kg2 Kf4 1/2-1/2

[Event "FIDE WCC Rapid Open 2019"]
[Site "Moscow"]
[Date "2019.12.27"]
[Round "9.72"]
[White "Rozum, Ivan"]
[Black "Harsha Bharathakoti"]
[Result "1/2-1/2"]
[WhiteElo "2542"]
[BlackElo "2418"]
[Annotator "ChessBase"]
[PlyCount "99"]
[EventDate "2019.12.26"]
[EventType "swiss"]
[EventCountry "RUS"]
[Tiebreak "Cut2 Buchholz+Sum of Buchholz"]
[SourceTitle "playchess.com"]
[Source "ChessBase"]
[SourceQuality "1"]

1. c4 e6 2. Nc3 d5 3. e3 Nf6 4. Nf3 b6 5. d4 Bd6 6. cxd5 exd5 7. g3 O-O 8. Bg2
Ba6 9. Ne5 c6 10. f4 Re8 11. Qb3 Bb7 12. O-O Nbd7 13. e4 Nf8 14. exd5 cxd5 15.
Be3 Ne6 16. Rfe1 Nc7 17. Bf2 Re7 18. h3 Re8 19. Bf3 Rc8 20. Rad1 b5 21. Nxb5
Nxb5 22. Qxb5 Ba8 23. Qa4 Re7 24. Rc1 Ne4 25. Rxc8 Qxc8 26. Bg4 Qb7 27. Rc1 h5
28. Bf3 h4 29. gxh4 Nxf2 30. Kxf2 Qxb2+ 31. Rc2 Qb8 32. Bg4 Bb7 33. Qb5 Qd8 34.
h5 a6 35. Qb3 Rc7 36. Rxc7 Qxc7 37. Bf3 Be7 38. Bxd5 Bxd5 39. Qxd5 Bh4+ 40. Ke3
Qc1+ 41. Kd3 Qb1+ 42. Ke3 Qe1+ 43. Kd3 Qb1+ 44. Ke3 Qe1+ 45. Kd3 Qb1+ 46. Kd2
Qb2+ 47. Ke3 Qc1+ 48. Kd3 Qb1+ 49. Ke3 Qc1+ 50. Ke4 1/2-1/2

[Event "FIDE WCC Rapid Open 2019"]
[Site "Moscow"]
[Date "2019.12.27"]
[Round "9.85"]
[White "Tengis, Tsog-Ochir"]
[Black "Shcherbakov, Ruslan"]
[Result "0-1"]
[WhiteElo "2003"]
[BlackElo "2520"]
[Annotator "ChessBase"]
[PlyCount "86"]
[EventDate "2019.12.26"]
[EventType "swiss"]
[EventCountry "RUS"]
[Tiebreak "Cut2 Buchholz+Sum of Buchholz"]
[SourceTitle "playchess.com"]
[Source "ChessBase"]
[SourceQuality "1"]

1. Nf3 Nf6 2. g3 b5 3. Bg2 Bb7 4. b3 e6 5. Bb2 Be7 6. O-O O-O 7. c4 bxc4 8.
bxc4 c5 9. e3 d5 10. cxd5 exd5 11. d4 Nbd7 12. dxc5 Nxc5 13. Qd4 Ne6 14. Qa4
Ne4 15. Nbd2 N6c5 16. Qd4 Bf6 17. Qb4 a5 18. Bxf6 axb4 19. Bxd8 Rfxd8 20. Rfb1
Ra4 21. Nb3 Nd3 22. Nfd4 Rc8 23. Bf1 Ndxf2 24. h4 Rc3 25. Rc1 g6 26. Ne2 Rxe3
27. Nc5 Ra7 28. Rab1 Ba6 29. Nxa6 Rxa6 30. Rc2 Nd3 31. Nc1 Rxg3+ 32. Kh1 Ndf2+
33. Kh2 Rf6 34. Rxb4 Nd1 35. Bg2 Rc3 36. Rxc3 Ndxc3 37. a3 Rf2 38. Nd3 Ra2 39.
Rb3 Kg7 40. Rb7 Kh6 41. Kh1 Nf6 42. Rxf7 Kh5 43. Rxf6 Kxh4 0-1

[Event "FIDE WCC Rapid Open 2019"]
[Site "Moscow"]
[Date "2019.12.27"]
[Round "10.22"]
[White "Wojtaszek, Radoslaw"]
[Black "Riazantsev, Alexander"]
[Result "1/2-1/2"]
[WhiteElo "2724"]
[BlackElo "2594"]
[Annotator "ChessBase"]
[PlyCount "106"]
[EventDate "2019.12.26"]
[EventType "swiss"]
[EventCountry "RUS"]
[Tiebreak "Cut2 Buchholz+Sum of Buchholz"]
[SourceTitle "playchess.com"]
[Source "ChessBase"]
[SourceQuality "1"]

1. d4 d5 2. c4 e6 3. Nc3 Nf6 4. cxd5 exd5 5. Bg5 Bb4 6. e3 h6 7. Bh4 g5 8. Bg3
Ne4 9. Nge2 h5 10. h4 Nxg3 11. Nxg3 gxh4 12. Nxh5 c6 13. Bd3 Qg5 14. Nf4 Nd7
15. Qc2 Nf6 16. O-O-O Rh6 17. Kb1 Bd6 18. Nce2 Bd7 19. Rdg1 O-O-O 20. Nh3 Qg7
21. Bf5 Kb8 22. Bxd7 Nxd7 23. Nhf4 Nf6 24. Nd3 Rg8 25. Ka1 Qh7 26. Kb1 Ne4 27.
Kc1 Qg7 28. Nef4 Qf6 29. Rh2 Qg5 30. Rgh1 Rgh8 31. Qe2 Qf6 32. Qg4 Bxf4 33.
Qxf4+ Qxf4 34. exf4 f6 35. Rh3 Nd6 36. g4 Nb5 37. g5 Rg6 38. Rxh4 Rxh4 39. Rxh4
fxg5 40. Rh8+ Kc7 41. Ne5 Rf6 42. fxg5 Rxf2 43. g6 Rg2 44. Rh7+ Kd6 45. g7 Ke6
46. Nf3 Nd6 47. Nh4 Rg1+ 48. Kc2 Kf7 49. g8=Q+ Kxg8 50. Rd7 Nb5 51. Nf5 Rf1 52.
a4 Rxf5 53. axb5 cxb5 1/2-1/2